Sobre las revoluciones de los orbes celestes /

Uloženo v:
Podrobná bibliografie
Hlavní autor: Copérnico, Nicolás (autor)
Další autoři: Navarro, Bernabé (introducción y notas) (introducción y notas)
Médium: Kniha
Jazyk:španělština
Vydáno: México : Secretaría de Educación Pública, 1974, c1974
Vydání:Edición abreviada
Edice:(SepSetentas ; 158)
Témata:
Tagy: Přidat tag
Žádné tagy, Buďte první, kdo vytvoří štítek k tomuto záznamu!

MARC

LEADER 00000nam^a2200000^a^4500
001 000165996
005 20250521000000.0
009 20260310101035.944
037 |a Acervo ITESO - Biblioteca 
041 |a ESP 
082 |a 520. 1  |b COP 
100 |a Copérnico, Nicolás  |e (autor) 
240 1 1 |a [Sobre las revoluciones de los orbes celestes] 
245 1 0 |a Sobre las revoluciones de los orbes celestes /  |c N. Copérnico ; introd. y notas de B. Navarro ; tr. por Manuel Tagüeña Lacorte, Carlos Moreno Cañadas. 
250 |a Edición abreviada 
264 4 |a México :  |b Secretaría de Educación Pública,  |c 1974, c1974 
300 |a 213 p. 
336 |a texto  |b txt  |2 rdacontenido 
337 |a sin mediación  |b n  |2 rdamedio 
338 |a volumen  |b nc  |2 rdasoporte 
440 1 |a (SepSetentas ;  |v 158) 
649 |a XX 
650 |a Orbitas Heliocéntricas -  |x Tema Principal 
650 |a Planetas 
650 |a Sol 
650 |a Movimiento 
650 |a Sistema Solar 
650 |a Universo 
650 |a Mecánica Astronómica 
650 |a Astrofísica 
650 |a Astronomía 
700 |a Navarro, Bernabé  |e (introducción y notas) 
910 |a Fondo General 
920 |a Impresos - Libros 
930 |a Colección General 
905 |a 101 
901 |a 0500100805  |b IT1  |c ACC  |u 20250521 
901 |a 0500100802  |b IT1  |c ACC  |u 20250521 
902 |a https://opac.biblio.iteso.mx/vufind/Record/000165996